Zgadnij Polskie miasto po odległościach cz.2 - Statystyki

Ogólne statystyki
  • Ten quiz został rozwiązany 42 razy
  • Średni wynik to 39 z 46
Statystyki odpowiedzi
Odległość w km Miasto % Poprawnych
155km Warszawa
100%
129km Łódź
94%
144km Lublin
94%
306km Białystok
90%
410km Gdańsk
90%
102km Kraków
90%
309km Poznań
90%
133km Rzeszów
90%
428km Gdynia
87%
204km Kalisz
87%
131km Katowice
87%
70km Radom
87%
502km Szczecin
87%
98km Tarnów
87%
309km Bydgoszcz
84%
134km Bytom
84%
140km Nowy Sącz
84%
197km Płock
84%
184km Siedlce
84%
279km Toruń
84%
141km Tychy
84%
255km Wrocław
84%
376km Zielona Góra
84%
161km Bielsko-Biała
81%
135km Chorzów
81%
106km Częstochowa
81%
118km Dąbrowa Górnicza
81%
377km Elbląg
81%
154km Gliwice
81%
424km Gorzów Wielkopolski
81%
318km Grudziądz
81%
175km Jastrzębie zdrój
81%
121km Jaworzno
81%
343km Jelenia Góra
81%
0km Kielce
81%
478km Koszalin
81%
314km Legnica
81%
323km Olsztyn
81%
193km Opole
81%
143km Ruda Śląska
81%
170km Rybnik
81%
470km Słupsk
81%
126km Sosnowiec
81%
307km Wałbrzych
81%
224km Włocławek
81%
144km Zabrze
81%
Nie znaleziono quizów pasujących do podanych kryteriów
Rozkład punktacji
Procent ludzi z każdym wynikiem
Percentyl według liczby udzielonych odpowiedzi
Twoja historia wyników
Nie rozwiązałeś tego quizu